| 000 | 00346nam a22001337a 4500 | ||
|---|---|---|---|
| 020 | _qHB. | ||
| 040 | _cFIZZA ISHAQ | ||
| 082 |
_a363.61 _bPAU |
||
| 100 |
_aDAVID,SEIDENSTAT PAUL. _990499 |
||
| 245 |
_aREINVENTING WATER AND WASTE WATER SYSTEMS / _cPAUL SEIDENSTAT DAVID. |
||
| 260 |
_aNEW YORK ; _c2002. |
||
| 300 | _a486 P. ; | ||
| 942 |
_2ddc _cBK |
||
| 999 |
_c588694 _d588694 |
||